[Event "Catalunya-chT"]
[Site "Barcelona"]
[Date "2002.??.??"]
[Round "1"]
[White "Saenz Rebull, Josep Maria"]
[Black "Rodriguez Berral, Fernando"]
[Result "1-0"]
[WhiteElo "2140"]
[BlackElo "2045"]
[PlyCount "101"]
[EventDate "2002.??.??"]
[EventType "team"]
[EventRounds "9"]
[EventCountry "ESP"]
[SourceTitle "EXT 2008"]
[Source "ChessBase"]
[SourceDate "2007.11.25"]
[SourceVersion "1"]
[SourceVersionDate "2007.11.25"]
[SourceQuality "1"]

1. Nf3 d5 2. d4 Nf6 3. c4 e6 4. Nc3 Be7 5. Bg5 0-0 6. e3 Nbd7 7. cxd5 exd5 8. Qb3 c6 9. Bd3 Ng4 10. Bxe7 Qxe7 11. 0-0 Ndf6 12. h3 Nh6 13. Qc2 g6 14. a3 Nf5 15. Rfe1 Nd6 16. Ne5 Nfe4 17. Nxe4 Nxe4 18. Rac1 Ng5 19. Qe2 Kg7 20. Rc2 f6 21. Nf3 Ne4 22. Rec1 h5 23. b4 Kh6 24. Nd2 g5 25. Bxe4 dxe4 26. Rc5 Rg8 27. f4 g4 28. h4 Bd7 29. g3 b6 30. R5c3 a5 31. Qc4 b5 32. Qc5 Qe6 33. bxa5 Rxa5 34. Qb4 Rga8 35. Kf2 Ra4 36. Qc5 Rb8 37. R3c2 b4 38. axb4 Raxb4 39. Rc4 R4b5 40. Qa3 R5b7 41. Qc5 Rb5 42. Qa3 R5b6 43. Rc5 Qe8 44. Ke2 Ra8 45. Rxh5+ Qxh5 46. Qxa8 Qb5+ 47. Kf2 Rb8 48. Qa3 Qb7 49. Qd6 Rg8 50. Qxf6+ Rg6 51. Qh8# 1-0